Φιλοσοφία του δικαίου

Αποθηκεύτηκε σε:
Λεπτομέρειες βιβλιογραφικής εγγραφής
Κύριος συγγραφέας: Hegel, Georg Wilhelm Friedrich, 1770-1831
Άλλοι συγγραφείς: Γιακουμής, Σταμάτης (Μεταφραστής, Συγγραφέας εισαγωγής κ.λπ.)
Μορφή: Βιβλίο
Γλώσσα:Greek
German
Δημοσίευση: Αθήνα : Νομική Βιβλιοθήκη, 2012.
Θέματα:
Ετικέτες: Προσθήκη ετικέτας
Δεν υπάρχουν, Καταχωρήστε ετικέτα πρώτοι!

MARC

LEADER 00000cam a2200000 i 4500
001 1/45478
008 140404s2012 gr | ||| |||| ||gre||
020 |a 99789605620073 
035 |l 10117309 
040 |a GR-MyUA  |b gre  |e AACR2 
041 1 |a gre  |h ger 
082 0 |a 340.12  |2 (23) 
100 0 |a Hegel, Georg Wilhelm Friedrich,   |d 1770-1831. 
245 1 0 |a Φιλοσοφία του δικαίου /   |c Γκέοργκ Χέγκελ ; εισαγωγή-μετάφραση-επίμετρο Σταμάτης Γιακουμής.  
260 |a Αθήνα :   |b Νομική Βιβλιοθήκη,   |c 2012.  
300 |a 527 σ. ;   |c 20 εκ.  
500 |a Τίτλος πρωτοτύπου: Grundlinien der philosophie des rechts oder naturrecht und staatwissenschaft im grundrisse.  
600 0 0 |a Hegel, Georg Wilhelm Friedrich,   |d 1770-1831. 
650 0 0 |a Philosophy. 
650 0 0 |a Law  |x Philosophy. 
700 1 |a Γιακουμής, Σταμάτης,  |e trl  |4 aui 
852 |a INST  |b LESVOS  |e 20140404  |h 340.12 HEG  |p 005100053950  |q 005100053950  |t BK  |y 0 
901 |a BIBL1-2014-1 
909 |a Λ  |b 179522 
922 |a 1ΕΛΗ  |b 201306  |c ΤΜΗΜΑ ΚΟΙΝΩΝΙΚΗΣ ΑΝΘΡΩΠΟΛΟΓΙΑΣ ΚΑΙ ΙΣΤΟΡΙΑΣ  |d ΙΩΑΝΝΙΔΟΥ 
970 |a ΤΖΑΦΕΡΗ  |b ΕΥΑΓΓΕΛΙΑ  |z 2014/04/04